MARC details
| 000 -LEADER |
| campo de control de longitud fija |
01401nas a2200313 i 4500 |
| 001 - NÚMERO DE CONTROL |
| campo de control |
1119 |
| 003 - IDENTIFICADOR DE NÚMERO DE CONTROL |
| campo de control |
ES-MaACL |
| 005 - FECHA Y HORA DE LA ÚLTIMA TRANSACCIÓN |
| campo de control |
20250718150756.0 |
| 008 - DATOS DE LONGITUD FIJA--INFORMACIÓN GENERAL |
| campo de control de longitud fija |
950801d18351848sp d|yn | 1 |spa d |
| 022 ## - NÚMERO INTERNACIONAL NORMALIZADO PARA PUBLICACIONES SERIADAS |
| Número Internacional Normalizado para Publicaciones Seriadas |
2171-3030 |
| 080 ## - NÚMERO DE LA CLASIFICACIÓN DECIMAL UNIVERSAL |
| Número de la Clasificación Decimal Universal |
(054) |
| 245 03 - MENCIÓN DEL TÍTULO |
| Título |
El Español |
| Resto del título |
: diario de las doctrinas y de los intereses sociales. |
| 246 3# - FORMA VARIANTE DEL TITULO |
| Título propio/Titulo breve |
El Español (Madrid. 1835) |
| 260 ## - PUBLICACIÓN, DISTRIBUCIÓN, ETC. |
| Lugar de publicación, distribución, etc. |
Madrid : |
| Nombre del editor, distribuidor, etc. |
El Español, |
| Fecha de publicación, distribución, etc. |
[1835-1848] ( |
| Fabricante |
Imp. de la Compañía Tipográfica) |
| 300 ## - DESCRIPCIÓN FÍSICA |
| Extensión |
2 v. ; |
| Dimensiones |
49 cm. |
| 310 ## - PERIODICIDAD ACTUAL |
| Periodicidad actual |
Diaria, excepto domingos, |
| Fecha de comienzo de la periodicidad actual |
1838-1841 |
| 362 0# - FECHAS DE PUBLICACIÓN Y/O DESIGNACIÓN SECUENCIAL |
| Fecha de publicación y/o designación secuencial |
N. 1 (1 sept. 1835)-n. 790 (31 dic. 1837); 2ª época, n. 289 (1 jun. 1845)-n. 1173 (16 abril 1848) |
| 530 ## - NOTA DISPONIBLE DE FORMULARIO FÍSICO ADICIONAL |
| Nota de formato físico adicional disponible |
Disponible en formato digital. |
| 555 8# - NOTA DE ÍNDICE ACUMULATIVO U OTROS INSTRUMENTOS BIBLIOGRÁFICOS |
| Nota de índice acumulativo u otros instrumentos bibliográficos |
Índice de escritores en: Veinticuatro diarios, Madrid 1830-1900 (Madrid : CSIC, Instituto Miguel de Cervantes, 1968) |
| 555 8# - NOTA DE ÍNDICE ACUMULATIVO U OTROS INSTRUMENTOS BIBLIOGRÁFICOS |
| Nota de índice acumulativo u otros instrumentos bibliográficos |
Índices (1845) |
| 650 14 - PUNTO DE ACCESO ADICIONAL DE MATERIA--TÉRMINO DE MATERIA |
| Término de materia o nombre geográfico como elemento de entrada |
Periódicos |
| 9 (RLIN) |
15941 |
| 770 0# - ENLACE A UN SUPLEMENTO/NÚMERO ESPECIAL |
| Título |
Revista literaria de El Español, ISSN 2171-3022 |
| 785 01 - ENTRADA/ENLACE A UN TÍTULO POSTERIOR |
| Título |
El Correo nacional, ISSN 2171-3049 |
| 852 ## - LOCALIZACIÓN |
| Ubicación |
ES-MaACL |
| Número de control de estantería |
R-2930-31 |
| Signatura antigua |
Olim: Hem-563 |
| 856 ## - LOCALIZACIÓN Y ACCESO ELECTRÓNICOS |
| Identificador Uniforme de Recursos |
<a href="http://prensahistorica.mcu.es/es/consulta/registro.cmd?id=9006 ">http://prensahistorica.mcu.es/es/consulta/registro.cmd?id=9006 </a> |
| Nota pública |
Biblioteca Virtual de Prensa Histórica |
| -- |
(1835-1837), (1845), (1847-1848)Edición de Madrid: (1845-1848)Edición de provincias: (1845-1847) |
| 866 #0 - MENCIÓN TEXTUAL DE FONDOS--UNIDAD BIBLIOGRÁFICA BÁSICA |
| Fondos |
1837. |
| Nota pública |
Falta el n. 607 (2 de jul.) |
| 942 ## - ELEMENTOS DE ENTRADA SECUNDARIOS (KOHA) |
| Fuente del sistema de clasificación o colocación |
Clasificación decimal universal |
| Tipo de ítem Koha |
Periódico |